000 00855nas a2200265 4500
001 BR2014000664
003 BR-BrBNA
005 20231205123658.0
007 ta
008 230509b bl.|||p| |||| 00| 00por d
040 _aBR-BrBNA
_bpor
_cBiblioteca Nacional de Agricultura
041 _a(En)
072 _aL72
100 1 _aRodrigues, D.S.
100 1 _aLeite, R.C.
245 1 _aImpacto econômico de Rhipicephalus (Boophilus)microplus: estimativa de redução de produção de leite
650 _aBOVINO
650 _aCARRAPATO
650 _aIMPACTO ECONÔMICO
650 _aPARASITO DE ANIMAL
650 _aMINAS GERAIS
773 0 _tArquivo Brasileiro de Medicina Veterinária e Zootecnia (Brazil)
_xISSN 0102-0935
_g(Oct 2013), v. 65(5) p. 1570-1572
_wBR2014000664
909 _a202311
_bLúcia
_c55
_dLúcia Elande
942 _2AGRIS
_n0
_cANA
999 _c235135
_d235135